LEADER 01780nam 2200517 450 001 9910799929503321 005 20230817181850.0 010 $a1-315-18459-1 010 $a1-351-73161-0 035 $a(CKB)4100000009040632 035 $a(MiAaPQ)EBC5851673 035 $a(EXLCZ)994100000009040632 100 $a20190925e20192000 uy 0 101 0 $aeng 135 $aurcnu|||||||| 181 $ctxt$2rdacontent 182 $cc$2rdamedia 183 $acr$2rdacarrier 200 00$aProfessions at bay $econtrol and encouragement of ingenuity in British management /$fedited by Ian Glover, Michael Hughes 210 1$aLondon ;$aNew York, New York :$cRoutledge,$d2019. 210 4$dİ2000 215 $a1 online resource (xv, 352 pages) 225 1 $aRoutledge revivals 225 1 $aStirling management series 300 $aPapers from the first Stirling Professions and Management Conference, held in August 1993 at the University of Stirling. 311 $a1-138-73871-9 320 $aIncludes bibliographical references and index. 410 0$aRoutledge revivals. 410 0$aStirling management series. 606 $aProfessions$zGreat Britain$vCongresses 606 $aManagement$zGreat Britain$vCongresses 606 $aProfessional employees$zGreat Britain$vCongresses 615 0$aProfessions 615 0$aManagement 615 0$aProfessional employees 676 $a331.7120601 700 $aStirling Professions and Management Conference 1993$b Stirling Professions$01587271 702 $aGlover$b Ian$f1942- 702 $aHughes$b Michael$f1947- 801 0$bMiAaPQ 801 1$bMiAaPQ 801 2$bMiAaPQ 906 $aBOOK 912 $a9910799929503321 996 $aProfessions at bay$93874872 997 $aUNINA LEADER 01620nam0 2200361 i 450 001 VAN0124449 005 20220328100037.817 017 70$2N$a9783319670027 100 $a20191017d2017 |0itac50 ba 101 $aeng 102 $aSG 105 $a|||| ||||| 200 1 $aGreen Photonics and Electronics$fGadi Eisenstein, Dieter Bimberg editors 210 $aSingapore$cSpringer$d2017 215 $aXIV, 291 p.$cill.$d24 cm 410 1$1001VAN0123346$12001 $aNanoScience and Technology$1210 $aBerlin$cSpringer$d1998- 620 $aSG$dSingapore$3VANL000061 676 $a621.366$cFisica applicata. Laser spettroscopia$v22 676 $a535.2$cOttica fisica$v22 676 $a621.312136$cFisica applicata. Generazione eolica$v22 676 $a621.365$cFotonica$v22 676 $a333.794$cRisorse di energia rinnovabili$v22 702 1$aBimberg$bDieter$3VANV095895 702 1$aEisenstein$bGadi$3VANV095894 712 $aSpringer $3VANV108073$4650 801 $aIT$bSOL$c20240614$gRICA 856 4 $uhttps://rd.springer.com/book/10.1007/978-3-319-67002-7$zE-book - Accesso al full-text attraverso riconoscimento IP di Ateneo, proxy e/o Shibboleth 899 $aBIBLIOTECA DEL DIPARTIMENTO DI SCIENZE E TECNOLOGIE AMBIENTALI BIOLOGICHE E FARMACEUTICHE$1IT-CE0101$2VAN17 912 $fN 912 $aVAN0124449 950 $aBIBLIOTECA DEL DIPARTIMENTO DI SCIENZE E TECNOLOGIE AMBIENTALI BIOLOGICHE E FARMACEUTICHE$d17CONS e-book 2111 $e17BIB2111/303 303 20191017 996 $aGreen Photonics and Electronics$91563162 997 $aUNICAMPANIA